| 000 | 01502cam a22003011i 4500 | ||
|---|---|---|---|
| 003 | SA-RiAUC | ||
| 005 | 20250216050434.0 | ||
| 008 | 250215s1985 le g b 00010dara c | ||
| 040 |
_aSA-JeALM _bara _cSA-RiAUC _erda |
||
| 082 | 0 | 4 |
_a239.5 _qSA-RiAUC |
| 090 |
_a239.5 _bا ب ن ج |
||
| 100 | 1 |
_aابن حديدة، محمد بن علي بن أحمد، _d721-783 هجري _eمؤلف. |
|
| 245 | 1 | 2 |
_aالمصباح المضي في كتاب النبي الأمي ورسله إلى ملوك الأرض من عربي وأعجمي / _cمحمد بن علي بن احمدةبن حديدة الأنصاري ؛ صححه وعلق عليه محمد عظيم الدين. |
| 250 |
_aالطبعة الثانية. _bمزيدة ومنقحة. |
||
| 264 | 1 |
_aبيروت : _bعالم الكتب، _c1985 |
|
| 300 |
_a2 مجلد ؛ _c23 سم |
||
| 336 |
_aنص _btxt _2rdacontent _3كتاب |
||
| 337 |
_aبدون وسيط _bn _2rdamedia |
||
| 338 |
_aمجلد _bnc _2rdacarrier |
||
| 500 | _aيشتمل على إرجاعات ببليوجرافية. | ||
| 600 | 0 | 7 |
_aمحمد (صلى الله عليه وسلم)، _d53 قبل الهجرة-11 هجري _vمراسلات _2aucnm |
| 650 | 7 |
_aالسيرة النبوية _2aucsh |
|
| 650 | 7 |
_aالدعوة الإسلامية _yعصر صدر الإسلام _2aucsh |
|
| 650 | 7 |
_aالتاريخ الإسلامي _yعصر صدر الإسلام _2aucsh |
|
| 700 | 1 |
_aعظيم الدين، محمد _eمصحح. |
|
| 942 |
_2ddc _cBOOK _n0 |
||
| 949 |
_aSA-JeALM _d250215 _uosman123 _n1 |
||
| 999 |
_c5956 _d5956 |
||